Introducción a la philosophie

Salvato in:
Dettagli Bibliografici
Autore principale: Jaspers, Karl
Natura: Libro
Lingua:Undetermined
Pubblicazione: París, Francia Plon 1951
Soggetti:
Tags: Aggiungi Tag
Nessun Tag, puoi essere il primo ad aggiungerne!!

MARC

LEADER 00000nam a2200000Ia 4500
008 170316s9999 xx 000 0 und d
090 |a 100 J-6i 
100 |a Jaspers, Karl 
245 |a Introducción a la philosophie 
260 |a París, Francia 
260 |b Plon 
260 |c 1951 
300 |a 235 páginas 
650 |a FILOSOFÍA 
650 |a JASPERS KARL 
650 |a EXISTENCIALISMO 
999 |c 16611  |d 16611 
040 |a cru BVZT 
942 |c 15 D  |h 100 J-6i  |2 z